000 01393nam a2200373 4500
001 0000024455
005 20250329172014.0
007 ta
008 160628s2002 000 0 eng d
020 _a9586932915
040 _aCO-CtgCURN
_bspa
_ccoctgcurn
082 0 _aR030
_bE52e
245 0 0 _aEnciclopedia alfabetica universal.
260 1 _aBogotá : :
_bPeriodicos Asociados,,
_c2002.
300 _a15 v.
650 1 4 _aEnciclopedias y dicciónarios.
908 _a160627
942 _cREF
_hR030
_iE52e
999 _c7173
_d7173